The renewal factor: How the best get and keep the competitive edge

Enregistré dans:
Détails bibliographiques
Auteur principal: Waterman, Robert H.
Format: Livre
Langue:Undetermined
Publié: Toronto Bantam Books 1987
Sujets:
Tags: Ajouter un tag
Pas de tags, Soyez le premier à ajouter un tag!
Thư viện lưu trữ: Trung tâm Học liệu Trường Đại học Cần Thơ
LEADER 00515nam a2200181Ia 4500
001 CTU_86672
008 210402s9999 xx 000 0 und d
082 |a 658.4 
082 |b W328 
100 |a Waterman, Robert H. 
245 4 |a The renewal factor: How the best get and keep the competitive edge 
245 0 |c Robert H. Waterman 
260 |a Toronto 
260 |b Bantam Books 
260 |c 1987 
650 |a Industrial management 
904 |i Năm 
980 |a Trung tâm Học liệu Trường Đại học Cần Thơ